{"text_format":"3","workbook":"xls","n_sheets":2,"sheets":["Sheet2","Sheet3"],"read":"whole","date_system":"1900","formulas":"cached_only"}

{"sheet":"Sheet2","index":0,"n_rows":19,"n_cols":10,"rows_kept":19,"merged":[[0,0,0,5],[11,0,11,5]],"flags":["formulas_cached_only"]}
[" 恩施州国投公司（原州公路局办公楼）屋面防水维修工程量清单"]
["序号","项   目","单 位","数 量","单价（元） ","小计（元）"]
[1,"拆除屋面琉璃瓦","㎡",669,{"v":10,"d":"10.00"},{"v":6690,"d":"6690.00"}]
[2,"拆除屋面檩条","㎡",669,{"v":5,"d":"5.00"},{"v":3345,"d":"3345.00"}]
[3,"转运琉璃瓦及檩条（4楼至1楼院坝）","㎡",669,{"v":10,"d":"10.00"},{"v":6690,"d":"6690.00"}]
[4,"人工上车及车辆转运","㎡",669,{"v":5,"d":"5.00"},{"v":3345,"d":"3345.00"}]
[5,"疏通外围雨水管","m",48,{"v":10,"d":"10.00"},{"v":480,"d":"480.00"}]
[6,"清理天沟","m",96,{"v":5,"d":"5.00"},{"v":480,"d":"480.00"},"  "]
[7,"安装加厚彩钢瓦屋面","㎡",669,{"v":95,"d":"95.00"},{"v":63555,"d":"63555.00"}]
[8,"安装水槽及排水管","m",96,{"v":40,"d":"40.00"},{"v":3840,"d":"3840.00"}]
[9,"合计",{"$nulls":3},{"v":88425,"d":"88425.00"}]
["备注：整栋房屋的斜屋面48.2m*13.9m=669m2"]
[]
[]
[{"$nulls":7},"                                                                                      "]
[]
[]
[]
[{"$nulls":9},"                                                                                                                                                                        "]

{"sheet":"Sheet3","index":1,"n_rows":0,"n_cols":0,"rows_kept":0,"flags":["formulas_cached_only"]}